Piłkarze Lechii Gdańsk - nagła śmierć - Statystyki

Ogólne statystyki
  • Ten quiz został rozwiązany 63 razy
  • Średni wynik to 10 z 20
Answers on the Grid
Answers color-coded by a green-red scale on the quiz's grid according to % correct below.
Kamil Wilczek
Adam Dźwigała
Marco Paixão
Kacper Urbański
Michał Kucharczyk
Tomasz Neugebauer
Zlatan Alomerović
Rafał Kujawa
Sławomir Peszko
Marcin Wasielewski
Jakub Czerwiński
Žarko Udovičić
Piotr Reiss
Kacper Kozłowski
Kacper Rosa
Patryk Stępiński
Mateusz Szwoch
Michał Chrapek
Piotr Ćwielong
Konrad Michalak
Artur Siemaszko
Jakub Arak
Szymon Pawłowski
Łukasz Trałka
Łukasz Broź
Patryk Sokołowski
Antonio Čolak
Bartosz Ślusarski
Jakub Bartkowski
Michał Janota
Bartłomiej Kłudka
Kamil Zapolnik
Błażej Augustyn
Mateusz Możdżeń
Mateusz Spychała
Conrado
Jakub Wróbel
Filip Mladenović
Paweł Golański
Vanja Milinković-Savić
 
Statystyki odpowiedzi
Odpowiedź % Poprawnych
Marco Paixão
87%
Sławomir Peszko
81%
Tomasz Neugebauer
75%
Kacper Urbański
70%
Vanja Milinković-Savić
64%
Zlatan Alomerović
64%
Błażej Augustyn
62%
Conrado
60%
Filip Mladenović
60%
Antonio Čolak
55%
Žarko Udovičić
53%
Konrad Michalak
45%
Michał Chrapek
42%
Adam Dźwigała
40%
Jakub Arak
40%
Jakub Bartkowski
36%
Bartłomiej Kłudka
32%
Mateusz Możdżeń
30%
Łukasz Trałka
25%
Kacper Rosa
17%
Nie znaleziono quizów pasujących do podanych kryteriów
Rozkład punktacji
Procent ludzi z każdym wynikiem
Percentyl według liczby udzielonych odpowiedzi
Twoja historia wyników
Nie rozwiązałeś tego quizu